Factores de la enseñanza que favorecen el aprendizaje autónomo

Uloženo v:
Podrobná bibliografie
Hlavní autor: Aebli, Hans (Autor)
Médium: Kniha
Jazyk:španělština
Vydáno: Madrid Narcea 1998
Vydání:3a. ed
Edice:Educación Hoy. Estudios
Témata:
Tagy: Přidat tag
Žádné tagy, Buďte první, kdo vytvoří štítek k tomuto záznamu!

MARC

LEADER 00000nam a2200000 a 4500
001 UCL9606
003 CL-VaPUC
008 040813e19980000SP |||||||||||||||||spa|d
020 |a 8427709382 
082 0 4 |a 370.71  |b AEB  |2 21 
100 0 |a Aebli, Hans  |e author  |9 487508 
245 1 0 |a Factores de la enseñanza que favorecen el aprendizaje autónomo 
250 |a 3a. ed 
300 |a 365 p 
942 |c BK 
945 |d 20040813 00:00:00  |a cmena 
260 |a Madrid  |b Narcea  |c 1998 
650 0 |a Formación profesional de profesores  |9 307493 
650 0 |a Autoeducación  |9 306343 
650 0 |a Métodos de enseñanza  |9 270413 
650 0 |a Psicología educacional   |9 307830 
650 0 |a Comportamiento social  |9 334200 
650 0 |a Aprendizaje   |9 254827 
650 0 |a Planificación del currículo  |9 269599 
650 0 |a Evaluación de la educación   |9 237505 
650 7 |a TESTS DE PROGRESO ESCOLAR  |2 CL-VaPUC  |9 339860 
583 |a last modification  |c 20040813 00:00:00  |k Rodrigo Vera 
490 0 |a Educación Hoy. Estudios 
999 |c 310346  |d 310344 
952 |0 0  |1 0  |4 0  |6 370_710000000000000_AEB_1998  |7 0  |8 A  |9 378669  |a BIBEDU  |b BIBEDU  |c ES_NOD  |d 2019-11-21  |i 4047893  |o 370.71 AEB 1998  |p 4047893  |r 2023-08-09  |w 2019-11-21  |y BK  |k EPE